[Event "13th IBM tournament"]
[Site "Amsterdam NED"]
[Date "1973.??.??"]
[Round "1"]
[White "Kavalek, Lubomir"]
[Black "Quinteros, Miguel Angel"]
[WhiteElo "2565"]
[BlackElo "2520"]
[Result "1/2-1/2"]
[EventDate "1973.07.10"]
[PlyCount "32"]

1.e4 c5 2.Nf3 d6 3.d4 cxd4 4.Nxd4 Nf6 5.Nc3 a6 6.Be2 Nbd7 7.Be3 Nc5 8.Bf3 
e6 9.Nb3 Qc7 10.Qd2 Ncd7 11.a4 Ne5 12.Be2 b6 13.Qd4 Nfd7 14.f4 Nc6 15.Qd2 
Be7 16.O-O O-O 1/2-1/2

[Event "13th IBM tournament"]
[Site "Amsterdam NED"]
[Date "1973.??.??"]
[Round "2"]
[White "Radulov, Ivan"]
[Black "Szabo, Laszlo"]
[WhiteElo "2530"]
[BlackElo "2565"]
[Result "0-1"]
[EventDate "1973.07.10"]
[PlyCount "84"]

1.e4 c5 2.Nf3 e6 3.d3 Nc6 4.g3 g6 5.Bg2 Bg7 6.O-O Nge7 7.c3 d5 8.Qe2 b6 9.
Nbd2 Ba6 10.e5 h6 11.h4 Nf5 12.Rd1 Qc7 13.Re1 g5 14.hxg5 hxg5 15.Nf1 g4 
16.N3h2 Qxe5 17.Qd1 Qd6 18.Bf4 Qd7 19.Nxg4 Bb7 20.Bg5 d4 21.Nf6+ Bxf6 22.
Bxf6 Rh6 23.Bg5 Rh7 24.Nh2 Nce7 25.Ng4 Ng8 26.Be4 Bxe4 27.dxe4 Qb7 28.Nf6+
Nxf6 29.Bxf6 Ne3 30.fxe3 Qxe4 31.Bh4 Rxh4 32.gxh4 Ke7 33.Kf2 Qxh4+ 34.Ke2 
dxe3 35.Rf1 Rd8 36.Qe1 Qc4+ 37.Kf3 e2 38.Qxe2 Rd3+ 39.Kg2 Rg3+ 40.Kxg3 
Qxe2 41.Rf2 Qe3+ 42.Kg2 f5 0-1

[Event "13th IBM tournament"]
[Site "Amsterdam NED"]
[Date "1973.??.??"]
[Round "3"]
[White "Andersson, Ulf"]
[Black "Radulov, Ivan"]
[WhiteElo "2555"]
[BlackElo "2530"]
[Result "1/2-1/2"]
[EventDate "1973.07.10"]
[PlyCount "80"]

1.Nf3 c5 2.c4 Nc6 3.Nc3 e5 4.g3 g6 5.Bg2 Bg7 6.d3 Nge7 7.Bd2 O-O 8.O-O h6 
9.a3 d6 10.Rb1 Be6 11.b4 Qd7 12.bxc5 dxc5 13.Ne4 b6 14.Bxh6 Bh3 15.Qd2 f6 
16.Ne1 g5 17.Bxg7 Kxg7 18.f4 gxf4 19.gxf4 Ng6 20.Bxh3 Qxh3 21.Rf3 Qg4+ 22.
Rg3 Qxf4 23.e3 Qh6 24.Qg2 Rh8 25.Nxf6 Ne7 26.Nd5 Nf5 27.Rg5 Raf8 28.Rb2 
Kh7 29.Qg4 Rhg8 30.Rg2 Nge7 31.Rxg8 Nxg8 32.Nf3 Nge7 33.Nxe7 Nxe7 34.Qe4+ 
Nf5 35.Rg5 Qh3 36.Rg3 Qh5 37.Rg5 Qh3 38.Rg3 Qh5 39.Ng5+ Kg6 40.Ne6+ Kf6 
1/2-1/2

[Event "13th IBM tournament"]
[Site "Amsterdam NED"]
[Date "1973.??.??"]
[Round "7"]
[White "Kavalek, Lubomir"]
[Black "Marovic, Drazen"]
[WhiteElo "2565"]
[BlackElo "2480"]
[Result "1/2-1/2"]
[EventDate "1973.07.10"]
[PlyCount "65"]

1.e4 Nf6 2.e5 Nd5 3.d4 d6 4.Nf3 g6 5.Bc4 Nb6 6.Bb3 Bg7 7.Ng5 d5 8.f4 f6 9.
Nf3 a5 10.a4 O-O 11.O-O Nc6 12.c3 Bf5 13.Nh4 Bxb1 14.Rxb1 f5 15.Rf3 Qd7 
16.Rh3 Nd8 17.Bc2 Ne6 18.b3 Rf7 19.Be3 Rc8 20.Ra1 Ra8 21.Kh1 Rff8 22.Qe2 
Rf7 23.Rf1 Raf8 24.Qf3 Qc6 25.Bg1 g5 26.Nxf5 Nxf4 27.Nd6 exd6 28.Bxh7+ Kh8
29.Bg6+ Kg8 30.Bh7+ Kh8 31.Bg6+ Kg8 32.Bh7+ Kh8 33.Bg6+ 1/2-1/2

[Event "13th IBM tournament"]
[Site "Amsterdam NED"]
[Date "1973.??.??"]
[Round "7"]
[White "Planinc, Albin"]
[Black "Radulov, Ivan"]
[WhiteElo "2525"]
[BlackElo "2530"]
[Result "1/2-1/2"]
[EventDate "1973.07.10"]
[PlyCount "73"]

1.d4 d5 2.c4 dxc4 3.Nf3 Nf6 4.e3 e6 5.Bxc4 c5 6.O-O a6 7.a4 Nc6 8.Qe2 Qc7 
9.Nc3 Bd6 10.dxc5 Bxc5 11.b3 O-O 12.Bb2 b6 13.Ng5 Bb7 14.Nce4 Nxe4 15.Nxe4
Ne5 16.Nxc5 Qxc5 17.Rac1 Nxc4 18.Rxc4 Qe7 19.Qh5 f6 20.Rh4 g6 21.Qh6 Rf7 
22.Rd4 Rd8 23.Rfd1 Rff8 24.h4 Rd5 25.e4 Rxd4 26.Rxd4 e5 27.Ba3 Qxa3 28.Rd7
Rf7 29.Rxf7 Kxf7 30.Qxh7+ Kf8 31.Qxb7 Qc1+ 32.Kh2 Qf4+ 33.Kh3 Qxf2 34.Qxa6
Qe3+ 35.g3 Qxe4 36.Qxb6 Qh1+ 37.Kg4 1/2-1/2

[Event "13th IBM tournament"]
[Site "Amsterdam NED"]
[Date "1973.??.??"]
[Round "11"]
[White "Smejkal, Jan"]
[Black "Donner, Jan"]
[WhiteElo "2595"]
[BlackElo "2480"]
[Result "1/2-1/2"]
[EventDate "1973.07.10"]
[PlyCount "114"]

1.c4 e6 2.g3 d5 3.Bg2 Nf6 4.Nf3 Be7 5.O-O O-O 6.d4 b6 7.Nc3 Bb7 8.Ne5 c6 
9.e4 dxc4 10.Nxc4 Nbd7 11.Re1 b5 12.Ne3 Nb6 13.e5 Nfd5 14.Ne4 Nd7 15.Qg4 
Kh8 16.Qh5 c5 17.Nxd5 Bxd5 18.Ng5 Bxg5 19.Bxg5 Qe8 20.Bxd5 exd5 21.dxc5 
Nxc5 22.Rad1 Qe6 23.Be3 Rac8 24.Rd4 Rfe8 25.Red1 Red8 26.Rh4 h6 27.Bg5 Rd7
28.Bf6 Kh7 29.Rc1 Rdc7 30.Qg5 Rg8 31.Qe3 d4 32.Qxd4 gxf6 33.Rxc5 Rxc5 34.
Qxc5 fxe5 35.Qxb5 Rd8 36.Ra4 Rd7 37.Qe2 Qd5 38.Qe4+ Qxe4 39.Rxe4 f6 40.Ra4
Kg6 41.Ra6 e4 42.Kf1 Kf5 43.Ke2 h5 44.h4 Rb7 45.b3 Rc7 46.Ra5+ Kg4 47.Ra4 
f5 48.Rc4 Rd7 49.Rc6 Rd3 50.Ra6 Rf3 51.Rxa7 Kh3 52.Kf1 e3 53.Ke2 exf2 54.
Kf1 Kxg3 55.Rg7+ Kxh4 56.Rg2 Rc3 57.Rxf2 Kg3 1/2-1/2

[Event "13th IBM tournament"]
[Site "Amsterdam NED"]
[Date "1973.??.??"]
[Round "12"]
[White "Langeweg, Christian"]
[Black "Quinteros, Miguel Angel"]
[WhiteElo "2430"]
[BlackElo "2520"]
[Result "1-0"]
[EventDate "1973.07.10"]
[PlyCount "81"]

1.Nf3 Nf6 2.g3 g6 3.b3 Bg7 4.Bb2 O-O 5.Bg2 a5 6.a4 d5 7.O-O Na6 8.d3 c6 9.
Nbd2 Nc5 10.Re1 Re8 11.e4 Qb6 12.e5 Nfd7 13.d4 Ne6 14.Rb1 Ndf8 15.Nf1 Nc7 
16.Ne3 h6 17.c4 Be6 18.Ba3 Na6 19.Nh4 Rad8 20.c5 Qc7 21.f4 f5 22.Bf1 Bf7 
23.g4 e6 24.Qf3 Qe7 25.Qh3 fxg4 26.Qxg4 Kh8 27.Rb2 h5 28.Qg3 Nh7 29.Rg2 
Bh6 30.Qxg6 Rg8 31.Qxh6 Qxh4 32.Re2 Bg6 33.Ng4 Rdf8 34.Nf6 Rxf6 35.exf6 
Qxf6 36.Re5 Nb4 37.Reg5 Bf7 38.Rxg8+ Bxg8 39.Qxh5 Qxd4+ 40.Rf2 Qg7+ 41.Kh1
1-0

[Event "13th IBM tournament"]
[Site "Amsterdam NED"]
[Date "1973.??.??"]
[Round "12"]
[White "Planinc, Albin"]
[Black "Szabo, Laszlo"]
[WhiteElo "2525"]
[BlackElo "2565"]
[Result "1/2-1/2"]
[EventDate "1973.07.10"]
[PlyCount "62"]

1.b3 e5 2.Bb2 d6 3.e3 g6 4.Nf3 Bg7 5.d4 e4 6.Nfd2 f5 7.c4 Nf6 8.Nc3 O-O 9.
Qc2 Nc6 10.Be2 Nb4 11.Qb1 f4 12.a3 fxe3 13.fxe3 Nd3+ 14.Bxd3 exd3 15.O-O 
Ng4 16.Qxd3 Qh4 17.h3 Nf2 18.Qe2 Nxh3+ 19.gxh3 Bxh3 20.Qh2 Qg5+ 21.Kh1 
Bxf1 22.Nxf1 Rf3 23.Nd5 Raf8 24.Nf4 Qg4 25.Qg2 Qh4+ 26.Kg1 R8xf4 27.exf4 
Qxf4 28.Re1 Bxd4+ 29.Bxd4 Qxd4+ 30.Kh1 Qh4+ 31.Kg1 Qd4+ 1/2-1/2

[Event "13th IBM tournament"]
[Site "Amsterdam NED"]
[Date "1973.??.??"]
[Round "12"]
[White "Ree, Hans"]
[Black "Smejkal, Jan"]
[WhiteElo "2440"]
[BlackElo "2595"]
[Result "0-1"]
[EventDate "1973.07.10"]
[PlyCount "82"]

1.Nf3 Nf6 2.c4 g6 3.Nc3 d5 4.cxd5 Nxd5 5.d4 Bg7 6.e4 Nxc3 7.bxc3 c5 8.Be2 
O-O 9.O-O cxd4 10.cxd4 Nc6 11.Be3 Bg4 12.d5 Ne5 13.Nd4 Bxe2 14.Qxe2 Rc8 
15.Rfc1 Qd7 16.h3 Qa4 17.Rab1 Rc4 18.Nf3 Rxc1+ 19.Rxc1 Qxe4 20.Nxe5 Bxe5 
21.Qb5 b6 22.Qd7 a5 23.a4 h5 24.Qc6 Rd8 25.Bxb6 Rxd5 26.Qe8+ Kg7 27.Be3 
Bf6 28.Re1 Qb4 29.Rc1 Qe4 30.Re1 Qb4 31.Rc1 h4 32.Qc6 Qe4 33.Re1 Qb4 34.
Rc1 Re5 35.Qe8 Rh5 36.Qc6 Re5 37.Qc4 Re4 38.Qd5 Qxa4 39.Bb6 Re5 40.Qc4 
Re1+ 41.Kh2 Be5+ 0-1

[Event "13th IBM tournament"]
[Site "Amsterdam NED"]
[Date "1973.??.??"]
[Round "13"]
[White "Spassky, Boris"]
[Black "Langeweg, Christian"]
[WhiteElo "2655"]
[BlackElo "2430"]
[Result "1-0"]
[EventDate "1973.07.10"]
[PlyCount "67"]

1.e4 c5 2.Nf3 e6 3.d4 cxd4 4.Nxd4 Nc6 5.Nb5 d6 6.c4 Nf6 7.N1c3 a6 8.Na3 
Be7 9.Be2 O-O 10.O-O b6 11.Be3 Bb7 12.Rc1 Ne5 13.f4 Ned7 14.Bf3 Rb8 15.Qe2
Re8 16.Rfd1 Qc7 17.g4 Red8 18.g5 Ne8 19.Nd5 exd5 20.cxd5 Nc5 21.b4 Bc8 22.
bxc5 bxc5 23.Rb1 Bd7 24.Bd2 Qa7 25.Ba5 Rdc8 26.Nc4 Bd8 27.Bc3 Rxb1 28.Rxb1
Rb8 29.Re1 Bb5 30.e5 Bxc4 31.Qxc4 dxe5 32.fxe5 Nc7 33.e6 Ne8 34.d6 1-0

[Event "13th IBM tournament"]
[Site "Amsterdam NED"]
[Date "1973.??.??"]
[Round "15"]
[White "Ree, Hans"]
[Black "Marovic, Drazen"]
[WhiteElo "2440"]
[BlackElo "2480"]
[Result "1/2-1/2"]
[EventDate "1973.07.10"]
[PlyCount "28"]

1.c4 Nf6 2.g3 c5 3.Bg2 g6 4.Nc3 Bg7 5.e3 O-O 6.Nge2 Nc6 7.O-O d6 8.d4 Bd7 
9.b3 h5 10.h3 Rb8 11.Bb2 a6 12.Qd2 Qc8 13.Kh2 b5 14.cxb5 axb5 1/2-1/2